Every Miami Heat AllStar - Statistics

General Stats
  • This quiz has been taken 8 times
  • The average score is 8 of 11
Answer Stats
Year/Years Number of AllStars Player % Correct
2019,2022,2023 3x Bam Adebayo
88%
2010,2011,2012,2013 4x LeBron James
88%
2024 1x Tyler Herro
88%
1995,1996,1999,2000,2001 5x Alonzo Mourning
75%
2010,2011,2012,2013,2014,2015 6x Chris Bosh
75%
2019,2021 2x Jimmy Butler
75%
2004,2005,2006 3x Shaquille O'Neal
75%
2004,2005,2006,2007,2008,2009,2010,2011,2012,2013,2014,2015,2018 13x Dwyane Wade
63%
2017 1x Goran Dragic
63%
1996,1997 2x Tim Hardaway
63%
2000 1x Anthony Mason
13%
No matching quizzes found
Score Distribution
Percent of People with Each Score
Percentile by Number Answered
Your Score History
You have not taken this quiz